[Event "Freytag Checkmate Open"]
[Site "Adelaide"]
[Date "2008.07.06"]
[Round "6"]
[White "West, Guy"]
[Black "Oliver, Gareth"]
[Result "1/2-1/2"]
[PlyCount "62"]
[WhiteElo "2310"]
[BlackElo "2160"]

1. e4 c5 2. Nc3 d6 3. f4 g6 4. Nf3 Bg7 5. Bc4 Nc6 6. O-O e6 7. f5 Ne5 8. Nxe5
Bxe5 9. Qf3 Qe7 10. d3 Nf6 11. fxe6 fxe6 12. Bf4 Bd4+ 13. Be3 Bxe3+ 14. Qxe3
O-O 15. e5 Ng4 16. exd6 Nxe3 17. dxe7 Rxf1+ 18. Rxf1 Bd7 19. Bxe6+ Bxe6 20. Re1
Nxc2 21. Rxe6 Kf7 22. Re5 Re8 23. Ne4 Rxe7 24. Nd6+ Kf6 25. Rxe7 Kxe7 26. Nxb7
Nb4 27. Nxc5 Kd6 28. Ne4+ Ke5 29. Nf2 Kd4 30. Kf1 Ke3 31. a3 Nxd3 1/2-1/2

[Event "Freytag Checkmate Open"]
[Site "Adelaide"]
[Date "2008.07.06"]
[Round "6"]
[White "Wedding, Robin"]
[Black "Ivkovic, Novica"]
[Result "1-0"]
[PlyCount "118"]
[WhiteElo "1937"]
[BlackElo "1657"]

1. e4 d5 2. exd5 Qxd5 3. Nc3 Qe6+ 4. Be2 Qg6 5. Bf3 e5 6. Nge2 Nf6 7. d4 Bd6 8.
dxe5 Bxe5 9. Bf4 Qf5 10. Bxe5 Qxe5 11. O-O O-O 12. Re1 c6 13. Ng3 Qa5 14. Qd4
Be6 15. Nge4 Nd5 16. Ng5 Nxc3 17. Nxe6 fxe6 18. Qxc3 Qxc3 19. bxc3 Kf7 20. Rab1
b6 21. Bg4 Re8 22. Rbd1 Na6 23. Rd6 Nc5 24. Rxc6 Rac8 25. Rxc8 Rxc8 26. f4 Rd8
27. Rd1 Rxd1+ 28. Bxd1 Na4 29. Be2 Nxc3 30. Bc4 Kf6 31. Kf2 h6 32. Ke3 e5 33.
Kd3 Na4 34. Ke4 Nc5+ 35. Kf3 e4+ 36. Ke3 Kf5 37. Be2 g6 38. g4+ Kf6 39. Kd4 g5
40. f5 h5 41. h3 h4 42. Bb5 Nb7 43. Bc6 e3 44. Kxe3 Na5 45. Bb5 Ke5 46. c4 Nb7
47. Bc6 Nd8 48. Bd5 b5 49. a3 bxc4 50. Bxc4 Nb7 51. Kd3 Nc5+ 52. Ke3 Na4 53.
Be6 Nc5 54. Bc4 Ne4 55. Bd3 Nf6 56. Bc4 Ne4 57. Bd3 Nc3 58. Bc2 Kd6 59. Bd3 Kc5
1-0

[Event "Freytag Checkmate Open"]
[Site "Adelaide"]
[Date "2008.07.06"]
[Round "6"]
[White "Tan, Peter"]
[Black "Staak, Eric"]
[Result "1-0"]
[PlyCount "79"]
[WhiteElo "1236"]
[BlackElo "1496"]

1. e4 e6 2. d4 d5 3. Nc3 dxe4 4. Nxe4 Qd5 5. Nc3 Bb4 6. Ne2 Nc6 7. Bd2 Qh5 8.
g3 b6 9. Bg2 Bb7 10. Nf4 Qxd1+ 11. Rxd1 O-O-O 12. Be3 Nf6 13. O-O h5 14. d5
exd5 15. Ncxd5 Ng4 16. h3 Nxe3 17. fxe3 Bc5 18. Nd3 Bd6 19. Rxf7 Bxg3 20. Rxg7
h4 21. Rf1 Rhf8 22. N3f4 Rd7 23. Rxd7 Kxd7 24. Rd1 Kc8 25. Ne6 Bf2+ 26. Kh2
Bg3+ 27. Kh1 Rf2 28. Ne7+ Kb8 29. Nxc6+ Bxc6 30. Bxc6 Bd6 31. Bg2 Rxc2 32. Rf1
a6 33. Rf5 b5 34. Rh5 Rc1+ 35. Bf1 Rxf1+ 36. Kg2 Re1 37. Kf3 Bg3 38. Nd4 Rh1
39. Nf5 Be1 40. Kg4 1-0

[Event "Freytag Checkmate Open"]
[Site "Adelaide"]
[Date "2008.07.06"]
[Round "6"]
[White "Stojic, Dusan"]
[Black "Sandler, Leonid"]
[Result "1-0"]
[PlyCount "52"]
[WhiteElo "2142"]
[BlackElo "2282"]

1. e4 c5 2. Nf3 e6 3. d4 cxd4 4. Nxd4 Nc6 5. Nc3 Qc7 6. Be2 Nf6 7. O-O a6 8.
Be3 d6 9. f4 Be7 10. a4 O-O 11. Bf3 Re8 12. Kh1 Rb8 13. Qe1 Nxd4 14. Bxd4 e5
15. Ba7 Ra8 16. Be3 exf4 17. Bxf4 Be6 18. e5 dxe5 19. Bxe5 Qc8 20. Qg3 g6 21.
Bd4 Rd8 22. Rad1 Rd7 23. Qf4 Ne8 24. Bg4 Bd6 25. Qe4 Re7 26. Bxe6 Qxe6 1-0

[Event "Freytag Checkmate Open"]
[Site "Adelaide"]
[Date "2008.07.06"]
[Round "6"]
[White "Stevens, Tristan"]
[Black "Oliver, Shannon"]
[Result "1-0"]
[PlyCount "54"]
[WhiteElo "1965"]
[BlackElo "1799"]

1. e4 c5 2. d4 cxd4 3. c3 dxc3 4. Nxc3 Nc6 5. Nf3 d6 6. Bc4 e6 7. Bf4 a6 8. Rc1
Be7 9. O-O Nf6 10. Qe2 O-O 11. Rfd1 Qc7 12. Rd3 Rd8 13. Nd2 Qa5 14. Nb3 Qh5 15.
Qd2 e5 16. Bg3 Qg6 17. f4 Nxe4 18. Nxe4 Qxe4 19. Bd5 Qb4 20. Qe3 exf4 21. Bxf4
Ne5 22. Rd4 Qb6 23. Bxe5 dxe5 24. Bxf7+ Kf8 25. Rxd8+ Bxd8 26. Rc5 Bd7 27. Qxe5
Bf6 1-0

[Event "Freytag Checkmate Open"]
[Site "Adelaide"]
[Date "2008.07.06"]
[Round "6"]
[White "Smerdon, David C"]
[Black "Johansen, Darryl K"]
[Result "1-0"]
[PlyCount "53"]
[WhiteElo "2463"]
[BlackElo "2423"]

1. e4 e5 2. Nf3 Nc6 3. Bb5 Bc5 4. c3 f5 5. d4 fxe4 6. Bxc6 dxc6 7. Nxe5 Qd5 8.
Bg5 Bf5 9. O-O Bd6 10. f4 exf3 11. c4 Qe6 12. Re1 f2+ 13. Kxf2 Be7 14. Bxe7
Nxe7 15. Qh5+ Bg6 16. Nxg6 Qxg6 17. Qxg6+ hxg6 18. Kg1 Rh4 19. Nd2 Rxd4 20. Nf3
Rd6 21. Ng5 Kd7 22. Ne4 Rd4 23. Nc5+ Ke8 24. Ne6 Rd7 25. Re4 Kf7 26. Rf1+ Nf5
27. g4 1-0

[Event "Freytag Checkmate Open"]
[Site "Adelaide"]
[Date "2008.07.06"]
[Round "6"]
[White "Rujevic, Mirko"]
[Black "Antic, Dejan"]
[Result "1/2-1/2"]
[PlyCount "65"]
[WhiteElo "2207"]
[BlackElo "2476"]

1. e4 e6 2. d4 d5 3. Nc3 Nf6 4. e5 Nfd7 5. f4 c5 6. Nf3 Nc6 7. Be3 cxd4 8. Nxd4
Bc5 9. Qd2 O-O 10. O-O-O a6 11. Nb3 Bb4 12. a3 Be7 13. Ne2 Nb6 14. Ned4 Bd7 15.
Qf2 Na4 16. Bd3 Rc8 17. Qg3 Nxd4 18. Bxd4 Bb5 19. f5 Bxd3 20. Qxd3 exf5 21.
Qxf5 Rc6 22. Rhf1 Qc7 23. Kb1 g6 24. Qd3 Re6 25. Rf2 Nc5 26. Bxc5 Bxc5 27. Re2
Be7 28. Rde1 Qc4 29. Rd2 Qf4 30. g3 Qg5 31. Qe2 Rd8 32. Nd4 Rb6 33. Rf1 1/2-1/2

[Event "Freytag Checkmate Open"]
[Site "Adelaide"]
[Date "2008.07.06"]
[Round "6"]
[White "Rigo, Bernard"]
[Black "Kerr, Bill"]
[Result "0-1"]
[PlyCount "63"]
[WhiteElo "1820"]
[BlackElo "1937"]

1. e4 Nc6 2. Nf3 d6 3. d4 Nf6 4. Nc3 Bg4 5. Be2 e6 6. Be3 d5 7. e5 Nd7 8. a3
Be7 9. O-O f6 10. exf6 Bxf6 11. Re1 O-O 12. Qd2 Qe8 13. h3 Bh5 14. g4 Bg6 15.
g5 Bd8 16. Nh4 Ne7 17. Bg4 Nf5 18. Nxf5 Bxf5 19. Qe2 c5 20. dxc5 Bxg4 21. Qxg4
Ne5 22. Qg2 Nf3+ 23. Kh1 d4 24. Bxd4 Nxd4 25. Qxb7 Qh5 26. Qg2 Bxg5 27. Re4
Rad8 28. Rg4 Bh6 29. Ne4 Rf3 30. Ng3 Qf7 31. Ne4 Nxc2 32. Rg1 0-1

[Event "Freytag Checkmate Open"]
[Site "Adelaide"]
[Date "2008.07.06"]
[Round "6"]
[White "Obst, James"]
[Black "Toth, Andras"]
[Result "0-1"]
[PlyCount "48"]
[WhiteElo "2250"]
[BlackElo "2401"]

1. e3 g6 2. e4 c5 3. Nc3 Bg7 4. d3 Nc6 5. Be3 d6 6. Qd2 e6 7. g3 Nge7 8. Bh6
Bxh6 9. Qxh6 Nd4 10. O-O-O Qa5 11. Qg7 Rg8 12. Qxh7 b5 13. Kb1 b4 14. Nce2 Nb5
15. Ka1 Rb8 16. Qh6 Nc6 17. Nf3 Rb6 18. Nc1 Nc3 19. bxc3 bxc3 20. Nd2 Nd4 21.
Ncb3 Rxb3 22. Nxb3 Nxb3+ 23. cxb3 c2 24. Qd2 Qxd2 0-1

[Event "Freytag Checkmate Open"]
[Site "Adelaide"]
[Date "2008.07.06"]
[Round "6"]
[White "Nguyen, Thu Giang"]
[Black "Stojic, Svetozar"]
[Result "1-0"]
[PlyCount "153"]
[WhiteElo "2121"]
[BlackElo "1836"]

1. e4 c5 2. Nc3 Nc6 3. g3 g6 4. Bg2 Bg7 5. d3 e6 6. Be3 d6 7. Qd2 Nd4 8. f4 Ne7
9. Nf3 O-O 10. O-O Rb8 11. Qf2 Nec6 12. Nd1 b5 13. c3 Nxf3+ 14. Bxf3 Qc7 15.
Qg2 Bb7 16. g4 b4 17. g5 bxc3 18. bxc3 Ba6 19. Qc2 Nb4 20. cxb4 Bxa1 21. bxc5
dxc5 22. Nf2 Bg7 23. e5 Rfc8 24. Ne4 Rd8 25. Rd1 Bb7 26. Rc1 Bd5 27. Qa4 Rb2
28. a3 Bb3 29. Qa6 Rc2 30. Rxc2 Bxc2 31. Nxc5 Qb6 32. Qc4 Qb1+ 33. Kf2 Bxd3 34.
Nxd3 Qxd3 35. Qxd3 Rxd3 36. Bxa7 Rxa3 37. Bc5 Ra2+ 38. Kg3 Bf8 39. Be3 Bb4 40.
Bg2 Bd2 41. Bxd2 Rxd2 42. Be4 Kf8 43. h4 Ke7 44. Kg4 Kd7 45. h5 Kc7 46. hxg6
hxg6 47. Kf3 Kb6 48. Ke3 Rd8 49. Bc2 Kc5 50. Be4 Rb8 51. Bd3 Kd5 52. Be4+ Kc4
53. Bd3+ Kc3 54. Be4 Rh8 55. Bc6 Rh3+ 56. Bf3 Kc2 57. Ke2 Rh2+ 58. Ke3 Rd2 59.
Bc6 Rd8 60. Ba4+ Kc3 61. Bb5 Ra8 62. Bc6 Ra3 63. Be8 Kc4+ 64. Ke4 Ra7 65. Bc6
Kc5 66. Be8 Rb7 67. Ke3 Kd5 68. Ba4 Rb2 69. Bd1 Kc4 70. Bg4 Rb3+ 71. Ke4 Ra3
72. Be2+ Kc3 73. Bb5 Kb3 74. Be8 Ra7 75. Ke3 Kc4 76. Ke4 Kc5 77. Bxf7 1-0

[Event "Freytag Checkmate Open"]
[Site "Adelaide"]
[Date "2008.07.06"]
[Round "6"]
[White "Milton, Anthony W"]
[Black "Griggs, James"]
[Result "1-0"]
[PlyCount "67"]
[WhiteElo "1548"]
[BlackElo "1464"]

1. d4 Nf6 2. c4 d6 3. Nc3 g6 4. e4 Bg7 5. Nf3 Nbd7 6. Be2 O-O 7. O-O e5 8. d5
Nc5 9. Qc2 Nh5 10. Re1 f5 11. Nd2 fxe4 12. Bxh5 Qh4 13. Ndxe4 Qxh5 14. Nxc5
dxc5 15. Qe2 Qh4 16. Be3 b6 17. f3 Ba6 18. Ne4 Qe7 19. b3 Rad8 20. Bg5 Qf7 21.
Bxd8 Rxd8 22. Ng5 Qe7 23. Ne6 Rxd5 24. Nxg7 Qxg7 25. Qe4 Rd8 26. Qxe5 Qxe5 27.
Rxe5 Rd7 28. Rae1 Kf7 29. Kf2 Rd2+ 30. R1e2 Rd7 31. Kg3 Kf6 32. h4 h6 33. Re6+
Kf7 34. h5 1-0

[Event "Freytag Checkmate Open"]
[Site "Adelaide"]
[Date "2008.07.06"]
[Round "6"]
[White "Mdinaradze, Edgar"]
[Black "Hu, Jason"]
[Result "0-1"]
[PlyCount "54"]
[WhiteElo "1975"]
[BlackElo "2141"]

1. d4 d5 2. Nf3 c6 3. g3 Bf5 4. Bg2 Nf6 5. O-O e6 6. Nbd2 h6 7. Ne5 Nbd7 8. b3
Nxe5 9. dxe5 Nd7 10. Bb2 Qc7 11. f4 g5 12. Kh1 gxf4 13. gxf4 O-O-O 14. Qe1 Rg8
15. c4 Kb8 16. e4 dxe4 17. Nxe4 Nc5 18. Nxc5 Bxc5 19. b4 Qb6 20. Bc3 Bd4 21. c5
Qa6 22. a3 Qc4 23. Bxd4 Rxd4 24. Qc1 Qe2 25. Bf3 Be4 26. Qc3 Rd2 27. Qxd2 Bxf3+
0-1

[Event "Freytag Checkmate Open"]
[Site "Adelaide"]
[Date "2008.07.06"]
[Round "6"]
[White "Lojanica, Milenko"]
[Black "Scott, Ronald"]
[Result "1/2-1/2"]
[PlyCount "51"]
[WhiteElo "2016"]
[BlackElo "2241"]

1. e4 e5 2. Nf3 d6 3. Bc4 Bg4 4. c3 c6 5. d3 Nf6 6. Bg5 h6 7. Be3 Qc7 8. h3 Bh5
9. g4 Bg6 10. Nh4 Bh7 11. f3 d5 12. Bb3 Nbd7 13. Nd2 Nc5 14. Bc2 Ne6 15. Ng2
Be7 16. Qe2 Rd8 17. Nb3 b6 18. O-O g5 19. Rae1 O-O 20. h4 c5 21. hxg5 hxg5 22.
Bc1 d4 23. c4 Nd7 24. Kf2 Kg7 25. Rh1 a6 26. Rh2 1/2-1/2

[Event "Freytag Checkmate Open"]
[Site "Adelaide"]
[Date "2008.07.06"]
[Round "6"]
[White "Hoile, Robert"]
[Black "Jelic, Mato"]
[Result "1/2-1/2"]
[PlyCount "58"]
[WhiteElo "1860"]
[BlackElo "1741"]

1. d4 Nf6 2. c4 e5 3. dxe5 Ng4 4. e6 dxe6 5. Qxd8+ Kxd8 6. Bf4 Bd6 7. Bxd6 cxd6
8. h3 Ne5 9. Na3 Bd7 10. O-O-O Ke7 11. f4 Ng6 12. g3 Bc6 13. Rh2 Rd8 14. Bg2
Bxg2 15. Rxg2 Nc6 16. e4 Rac8 17. Kb1 h6 18. Rgd2 Na5 19. b3 Rb8 20. Nf3 f6 21.
Nd4 Nc6 22. Nac2 Rbc8 23. f5 Nf8 24. fxe6 g6 25. Ne3 Nxd4 26. Nd5+ Kxe6 27.
Rxd4 Rc6 28. Rf1 Nd7 29. Nf4+ Ke7 1/2-1/2

[Event "Freytag Checkmate Open"]
[Site "Adelaide"]
[Date "2008.07.06"]
[Round "6"]
[White "Hacche, David J"]
[Black "Hoff, Michael"]
[Result "1-0"]
[PlyCount "103"]
[WhiteElo "2127"]
[BlackElo "1840"]

1. d4 Nf6 2. Nf3 c5 3. c3 b6 4. Bf4 d6 5. h3 Bb7 6. e3 Nbd7 7. Nbd2 g6 8. a4
Bg7 9. Bc4 d5 10. Be2 O-O 11. O-O Ne4 12. Qc2 Ndf6 13. a5 c4 14. a6 Bc6 15. b3
cxb3 16. Qxb3 Rc8 17. Rfc1 b5 18. Nb1 h6 19. Ne5 g5 20. Bh2 Nd7 21. Nxc6 Rxc6
22. Qxd5 Re6 23. Bg4 Nef6 24. Qxb5 Nxg4 25. hxg4 Rb6 26. Qe2 f5 27. gxf5 Rxf5
28. e4 Rfb5 29. Na3 Rb2 30. Rc2 R2b3 31. Qc4+ Kh8 32. Bc7 Rxa3 33. Rxa3 Rb1+
34. Kh2 Qe8 35. Qe2 Nf6 36. Be5 Re1 37. Qxe1 Ng4+ 38. Kg1 Bxe5 39. f3 Qh5 40.
fxg4 Qh2+ 41. Kf1 Qh1+ 42. Ke2 Qxg2+ 43. Kd1 Qxg4+ 44. Kc1 Bf4+ 45. Kb1 Qe6 46.
d5 Qb6+ 47. Ka2 Bd6 48. Qf2 Qxf2 49. Rxf2 Bxa3 50. Kxa3 g4 51. d6 g3 52. Rg2
1-0

[Event "Freytag Checkmate Open"]
[Site "Adelaide"]
[Date "2008.07.06"]
[Round "6"]
[White "Freytag, Justin"]
[Black "Garcia-Blanco, Miguel"]
[Result "1/2-1/2"]
[PlyCount "40"]
[WhiteElo "2073"]
[BlackElo "1733"]

1. e4 c6 2. d4 d5 3. exd5 cxd5 4. c4 Nf6 5. Nc3 e6 6. Nf3 Be7 7. Bg5 Nc6 8.
cxd5 Nxd5 9. Bxe7 Ncxe7 10. Bd3 O-O 11. O-O b6 12. Ne5 Bb7 13. Qd2 Rc8 14. Rad1
Ng6 15. Bxg6 hxg6 16. Ne4 Nf6 17. Ng5 Ne4 18. Nxe4 Bxe4 19. Qf4 Bd5 20. b3 Qe7
1/2-1/2

[Event "Freytag Checkmate Open"]
[Site "Adelaide"]
[Date "2008.07.06"]
[Round "6"]
[White "Dragicevic, Domagoj"]
[Black "Russell, Luthien"]
[Result "1-0"]
[PlyCount "85"]
[WhiteElo "2125"]
[BlackElo "1528"]

1. Nf3 c5 2. g3 e6 3. Bg2 Nf6 4. O-O d5 5. d3 Nc6 6. Nbd2 Be7 7. e4 Qc7 8. Re1
O-O 9. e5 Nd7 10. Qe2 f6 11. exf6 Nxf6 12. Nf1 Bd6 13. Ne3 Bd7 14. c4 d4 15.
Nf1 Rae8 16. Ng5 e5 17. Ne4 Bf5 18. Nfd2 Nb4 19. Nxf6+ Rxf6 20. Ne4 Rff8 21. a3
Nc6 22. Bd2 a6 23. b4 Bxe4 24. Bxe4 cxb4 25. Qh5 g6 26. Bxg6 hxg6 27. Qxg6+ Kh8
28. Re4 Re7 29. Rh4+ Rh7 30. Rxh7+ Qxh7 31. Qxd6 Qf7 32. f4 bxa3 33. Rxa3 Qf5
34. Qh6+ Kg8 35. Kg2 e4 36. dxe4 Qxe4+ 37. Rf3 Qe2+ 38. Rf2 Qxc4 39. f5 Qf7 40.
f6 Qh7 41. Qg5+ Kh8 42. Rf4 Re8 43. Rh4 1-0

[Event "Freytag Checkmate Open"]
[Site "Adelaide"]
[Date "2008.07.06"]
[Round "6"]
[White "Cooke, Tristrom"]
[Black "Glasson, Benjamin"]
[Result "0-1"]
[PlyCount "86"]
[WhiteElo "1495"]
[BlackElo "1589"]

1. e4 c5 2. Bc4 Nc6 3. Nf3 e6 4. Nc3 d6 5. d4 cxd4 6. Nxd4 Nf6 7. O-O Be7 8.
Be3 O-O 9. Qf3 Bd7 10. Be2 Nxd4 11. Bxd4 e5 12. Be3 Bg4 13. Qg3 Bxe2 14. Nxe2
Nxe4 15. Qh3 Ng5 16. Qf5 g6 17. Qd3 d5 18. c3 Ne6 19. Rad1 Nc7 20. f3 f5 21.
Bh6 Rf7 22. f4 e4 23. Qg3 Ne6 24. Kh1 Rc8 25. Rd2 Bf6 26. Rfd1 Rd7 27. Qh3 d4
28. cxd4 Nxd4 29. Nxd4 Rxd4 30. Qb3+ Kh8 31. Rxd4 Bxd4 32. h3 Qb6 33. Qxb6 Bxb6
34. Rd7 Re8 35. Rxb7 e3 36. Bg7+ Kg8 37. Bc3 e2 38. Be1 Re4 39. g3 Rd4 40. Re7
Rd1 41. Rxe2 Ba5 42. Kg2 Rxe1 43. Rc2 Rd1 0-1

[Event "Freytag Checkmate Open"]
[Site "Adelaide"]
[Date "2008.07.06"]
[Round "6"]
[White "Christensen, Joshua"]
[Black "Saint, Andrew"]
[Result "0-1"]
[PlyCount "65"]
[WhiteElo "1922"]
[BlackElo "1624"]

1. d4 Nf6 2. c4 c5 3. d5 d6 4. Nc3 g6 5. e4 Bg7 6. Nf3 O-O 7. Be2 e6 8. O-O
exd5 9. cxd5 Re8 10. Qc2 a6 11. a4 Bg4 12. Be3 Nbd7 13. a5 Rc8 14. Rfe1 Qe7 15.
Nd2 Bxe2 16. Rxe2 Ng4 17. Bf4 g5 18. Bg3 Nge5 19. Nd1 h5 20. f3 h4 21. Bf2 Nf8
22. Ne3 Nfg6 23. Nf5 Qd7 24. Be3 Bf6 25. Nb1 h3 26. Nd2 Kh7 27. Nc4 Nxc4 28.
Qxc4 Nh4 29. Nxh4 gxh4 30. Qc2 Kh8 31. Kh1 Rg8 32. Rg1 Rg7 33. gxh3 0-1

[Event "Freytag Checkmate Open"]
[Site "Adelaide"]
[Date "2008.07.06"]
[Round "6"]
[White "Chapman, Mark"]
[Black "Cloudsdale, Colin"]
[Result "1-0"]
[PlyCount "35"]
[WhiteElo "2303"]
[BlackElo "1991"]

1. e4 c5 2. Nf3 Nc6 3. d4 cxd4 4. Nxd4 e6 5. Nc3 a6 6. Be3 Nf6 7. Bd3 Qc7 8.
O-O Be7 9. Kh1 d6 10. f4 b5 11. a4 b4 12. Ncb5 axb5 13. Nxc6 Bd7 14. Nxe7 Kxe7
15. axb5 Qb7 16. Ra6 Nxe4 17. Bxe4 Qxe4 18. Qxd6+ 1-0

[Event "Freytag Checkmate Open"]
[Site "Adelaide"]
[Date "2008.07.06"]
[Round "6"]
[White "Brown, Andrew"]
[Black "Guo, Emma"]
[Result "1-0"]
[PlyCount "105"]
[WhiteElo "1925"]
[BlackElo "1683"]

1. d4 Nf6 2. c4 c5 3. d5 b5 4. cxb5 a6 5. e3 d6 6. Nc3 g6 7. a4 Bg7 8. Bc4 O-O
9. Nge2 Nbd7 10. O-O Nb6 11. Bd3 Bb7 12. e4 axb5 13. Bxb5 Nc8 14. f4 Na7 15.
Bc4 Qc7 16. h3 Nd7 17. a5 Nc8 18. Qb3 Ba6 19. Bxa6 Rxa6 20. Qb5 Qa7 21. Be3 Nb8
22. b4 Qd7 23. Qxd7 Nxd7 24. b5 Ra8 25. b6 Ra6 26. Rfb1 e6 27. Ra2 Ne7 28. dxe6
fxe6 29. Nb5 Nxb6 30. Nc7 Ra7 31. Nxe6 Rb8 32. Nxg7 Kxg7 33. Rab2 Rxa5 34. Rxb6
Rxb6 35. Rxb6 d5 36. Rb7 Kf6 37. e5+ Ke6 38. Rc7 d4 39. Bxd4 cxd4 40. Nxd4+ Kd5
41. Nb3 Ra3 42. Rxe7 Rxb3 43. Rxh7 Ke4 44. Rg7 Rb8 45. Kf2 g5 46. fxg5 Kxe5 47.
h4 Rh8 48. g3 Ke6 49. Rg6+ Ke5 50. Kf3 Ra8 51. h5 Ra3+ 52. Kg4 Ra1 53. Rb6 1-0

[Event "Freytag Checkmate Open"]
[Site "Adelaide"]
[Date "2008.07.07"]
[Round "5"]
[White "Scott, Ronald"]
[Black "Wedding, Robin"]
[Result "1-0"]
[PlyCount "53"]
[WhiteElo "2241"]
[BlackElo "1937"]

1. e4 e6 2. d4 d5 3. Nc3 Bb4 4. a3 Bxc3+ 5. bxc3 Ne7 6. Qg4 O-O 7. e5 c5 8. Bd3
Nbc6 9. Nf3 f5 10. exf6 Rxf6 11. Bg5 Rf7 12. Qh4 h6 13. Bxe7 Rxe7 14. O-O c4
15. Bg6 Bd7 16. Rfe1 Qc7 17. Re3 Be8 18. Bh5 Bxh5 19. Qxh5 Rae8 20. Rae1 Qa5
21. g4 Nd8 22. Ne5 Qxa3 23. h4 Nf7 24. Ng6 Rd7 25. Rxe6 Red8 26. Re8+ Kh7 27.
Qf5 1-0

[Event "Freytag Checkmate Open"]
[Site "Adelaide"]
[Date "2008.07.06"]
[Round "5"]
[White "Zaric, Srboljub"]
[Black "Zulfic, Fedja"]
[Result "1/2-1/2"]
[PlyCount "23"]
[WhiteElo "2101"]
[BlackElo "1856"]

1. e4 c5 2. Nf3 g6 3. Nc3 Bg7 4. d4 cxd4 5. Nxd4 Nc6 6. Be3 Nf6 7. Bc4 O-O 8.
Bb3 a5 9. f3 d5 10. Nxc6 bxc6 11. exd5 cxd5 12. Na4 1/2-1/2

[Event "Freytag Checkmate Open"]
[Site "Adelaide"]
[Date "2008.07.06"]
[Round "5"]
[White "Xie, George"]
[Black "Hacche, David J"]
[Result "1-0"]
[PlyCount "35"]
[WhiteElo "2449"]
[BlackElo "2127"]

1. d4 Nf6 2. Nf3 d6 3. Bg5 c6 4. Nbd2 Nbd7 5. e4 Qc7 6. c3 g6 7. Bc4 Bg7 8. Qe2
e5 9. dxe5 dxe5 10. h3 O-O 11. Qe3 Qb6 12. O-O-O Qxe3 13. Bxe3 b5 14. Bd3 Re8
15. a4 a6 16. Kc2 Bb7 17. Nb3 Rac8 18. Nfd2 1-0

[Event "Freytag Checkmate Open"]
[Site "Adelaide"]
[Date "2008.07.06"]
[Round "5"]
[White "Toth, Andras"]
[Black "Mdinaradze, Edgar"]
[Result "1-0"]
[PlyCount "77"]
[WhiteElo "2401"]
[BlackElo "1975"]

1. e4 d6 2. d4 g6 3. c4 Bg7 4. Nc3 Nf6 5. Nf3 O-O 6. Be2 Nbd7 7. O-O Ne8 8. Bf4
Ndf6 9. Qd2 Bg4 10. h3 Bxf3 11. Bxf3 Nd7 12. Bg5 Rb8 13. Rad1 f6 14. Be3 Kh8
15. d5 b6 16. Nb5 Rb7 17. Nd4 Ne5 18. Be2 Qc8 19. f4 c5 20. Ne6 Nd7 21. Nxf8
Nxf8 22. Bg4 f5 23. exf5 Nf6 24. Be2 Ne4 25. Qc2 gxf5 26. Bd3 e5 27. Bxe4 fxe4
28. Qxe4 Re7 29. f5 Nd7 30. g4 Nf6 31. Qg2 h6 32. Qg3 Qf8 33. h4 h5 34. g5 Ng4
35. f6 Bxf6 36. gxf6 Rf7 37. Bg5 Qc8 38. Qd3 Nxf6 39. Qf5 1-0

[Event "Freytag Checkmate Open"]
[Site "Adelaide"]
[Date "2008.07.06"]
[Round "5"]
[White "Tao, Trevor"]
[Black "Smerdon, David C"]
[Result "0-1"]
[PlyCount "50"]
[WhiteElo "2375"]
[BlackElo "2463"]

1. e4 d5 2. exd5 Nf6 3. d4 Bg4 4. f3 Bf5 5. Bb5+ Nbd7 6. c4 e6 7. dxe6 Bxe6 8.
d5 Bf5 9. Be3 Bb4+ 10. Kf2 O-O 11. Bxd7 Nxd7 12. g3 Ne5 13. a3 Re8 14. axb4
Nd3+ 15. Kg2 Rxe3 16. Qd2 Qe7 17. d6 cxd6 18. Nc3 Qe5 19. Ra5 Ne1+ 20. Kf1 Nxf3
21. Nxf3 Rxf3+ 22. Kg2 Rd3 23. Rxe5 Rxd2+ 24. Re2 Rxe2+ 25. Nxe2 Be4+ 0-1

[Event "Freytag Checkmate Open"]
[Site "Adelaide"]
[Date "2008.07.06"]
[Round "5"]
[White "Szuveges, Narelle S"]
[Black "Cooke, Tristrom"]
[Result "1/2-1/2"]
[PlyCount "93"]
[WhiteElo "1711"]
[BlackElo "1495"]

1. d4 d5 2. c4 c6 3. cxd5 cxd5 4. Nf3 Nf6 5. Nc3 Nc6 6. Bf4 e6 7. e3 Be7 8. h3
Bd7 9. Bd3 O-O 10. O-O Rc8 11. Rc1 Nh5 12. Bh2 f5 13. Ne5 Nf6 14. Nxc6 Bxc6 15.
Be5 Bd6 16. Bxd6 Qxd6 17. f4 Rf7 18. Nb5 Qb8 19. Nc3 Rfc7 20. Rf2 Ne4 21. Rfc2
Nxc3 22. Rxc3 Be8 23. Rxc7 Rxc7 24. Rxc7 Qxc7 25. Qc2 Qxc2 26. Bxc2 a5 27. Bd3
b5 28. Kf2 h5 29. g4 hxg4 30. hxg4 g6 31. a3 Kf7 32. Kg3 Kg7 33. Kh4 Kh6 34.
Be2 Kg7 35. Kg5 Kf7 36. Bf3 Ke7 37. gxf5 gxf5 38. Bh5 Bd7 39. Bg6 Bc6 40. b4
axb4 41. axb4 Bd7 42. Bh7 Bc6 43. Bxf5 exf5 44. Kxf5 Kd6 45. Kf6 Be8 46. f5 Bh5
47. Kg5 1/2-1/2

[Event "Freytag Checkmate Open"]
[Site "Adelaide"]
[Date "2008.07.06"]
[Round "5"]
[White "Sandler, Leonid"]
[Black "Kerr, Bill"]
[Result "1-0"]
[PlyCount "58"]
[WhiteElo "2282"]
[BlackElo "1937"]

1. Nf3 f5 2. g3 Nf6 3. Bg2 g6 4. O-O Bg7 5. c4 d6 6. d4 O-O 7. Nc3 Qe8 8. d5
Na6 9. Nd4 Bd7 10. b3 c5 11. dxc6 bxc6 12. Bb2 Nc5 13. Qc2 e5 14. Nf3 e4 15.
Ne1 Qe7 16. Rd1 Rad8 17. Bc1 Bc8 18. b4 Ne6 19. Qb3 Bb7 20. Be3 d5 21. Nc2 f4
22. gxf4 Nh5 23. cxd5 cxd5 24. Nxd5 Rxd5 25. Rxd5 Kh8 26. Rxh5 gxh5 27. f5 Rxf5
28. Rd1 Be5 29. Nd4 Qh4 1-0

[Event "Freytag Checkmate Open"]
[Site "Adelaide"]
[Date "2008.07.06"]
[Round "5"]
[White "Saint, Andrew"]
[Black "Dragicevic, Domagoj"]
[Result "0-1"]
[PlyCount "82"]
[WhiteElo "1922"]
[BlackElo "2125"]

1. d4 e6 2. Nf3 Nf6 3. Bg5 b6 4. e4 Be7 5. Bd3 Bb7 6. Nbd2 d5 7. e5 Nfd7 8.
Bxe7 Qxe7 9. c3 Ba6 10. Qe2 Bxd3 11. Qxd3 c5 12. O-O O-O 13. Rfe1 Nc6 14. a3 c4
15. Qe2 b5 16. b4 a5 17. Nf1 Nb6 18. Qd2 axb4 19. axb4 Qb7 20. Qb2 Rxa1 21.
Rxa1 Ra8 22. Rxa8+ Qxa8 23. Ne3 Qa4 24. Nd2 Ne7 25. Kf1 Nf5 26. Ke2 Nxe3 27.
fxe3 f6 28. exf6 gxf6 29. g3 Nc8 30. e4 Nd6 31. exd5 exd5 32. Qb1 Kg7 33. Qf1
Qa8 34. Qf3 Qe8+ 35. Kf2 Qe6 36. Qe2 Qf5+ 37. Kg2 Qc2 38. Qg4+ Kf8 39. Qf4 Ne4
40. Qb8+ Kg7 41. Qc7+ Kg6 0-1

[Event "Freytag Checkmate Open"]
[Site "Adelaide"]
[Date "2008.07.06"]
[Round "5"]
[White "Russell, Luthien"]
[Black "Stevens, Tristan"]
[Result "1-0"]
[PlyCount "47"]
[WhiteElo "1528"]
[BlackElo "1965"]

1. e4 e5 2. Nf3 f5 3. Nxe5 Nc6 4. Nxc6 dxc6 5. Bc4 Nf6 6. Nc3 Bc5 7. d3 Ng4 8.
Be3 Bxe3 9. fxe3 Nxe3 10. Qe2 Qg5 11. exf5 Kd8 12. g3 Nxc4 13. dxc4 Re8 14. Ne4
Qxf5 15. O-O-O+ Bd7 16. Rhe1 Kc8 17. Qd2 b6 18. Kb1 Be6 19. Qc3 Re7 20. Qb4 c5
21. Qb5 Kb7 22. g4 Bd7 23. gxf5 Bxb5 24. Nd6+ 1-0